000
00319nam a2200145Ia 4500
003
OSt
005
20240322110605.0
008
170523s9999 xx 000 0 und d
020
_a
978-9350719886
040
_c
IIMTU
100
_a
JHA ARUN
245
0
_a
AUDITING
260
_a
NEW DELHI; TAXMAN PUB.
942
_2
ddc
_c
02
999
_c
10919
_d
10919